El complot del arte. Ilusión y desilusión estéticas.
Uloženo v:
| Hlavní autor: | |
|---|---|
| Médium: | Kniha |
| Vydáno: |
Buenos Aires, Argentina:
Amorrortu,
2006.
|
| Vydání: | Primera edición en castellano. |
| Edice: | Colección Nómadas.
|
| Témata: | |
| Tagy: |
Přidat tag
Žádné tagy, Buďte první, kdo vytvoří štítek k tomuto záznamu!
|
MARC
| LEADER | 00000nam a22000007a 4500 | ||
|---|---|---|---|
| 003 | CL-VaPUC | ||
| 005 | 20250121140635.0 | ||
| 008 | 250121t2006 ||||| |||| 00| 0 eng d | ||
| 999 | |c 446717 |d 446715 | ||
| 020 | |a 978-84-610-9003-7 | ||
| 040 | |c Pontificia Universidad Católica de Valparaíso | ||
| 082 | 7 | |a 701.03 BAU 2006 |2 22 | |
| 100 | |a Baudrillard, Jean |9 474347 |e autor | ||
| 245 | 1 | 3 | |a El complot del arte. |b Ilusión y desilusión estéticas. |
| 250 | |a Primera edición en castellano. | ||
| 260 | |a Buenos Aires, Argentina: |b Amorrortu, |c 2006. | ||
| 300 | |a 130 páginas. | ||
| 490 | |a Colección Nómadas. | ||
| 500 | |a c.1. Instituto Arcos 8-1-2025 | ||
| 583 | |c 20250121 |k GC | ||
| 650 | |a Arte |x Aspectos morales y éticos |9 895687 | ||
| 650 | |a Medios de comunicación de masa |x Aspectos morales y éticos |9 895688 | ||
| 942 | |2 ddc |c BK |n 1 | ||
| 952 | |0 0 |1 0 |2 ddc |4 0 |6 701_030000000000000_BAU_2006 |7 0 |8 A |9 599688 |a BIBINC |b BIBINC |d 2025-01-21 |e Instituto Arcos |i 5664597 |o 701.03 BAU 2006 |p 5664597 |r 2025-01-21 |t 1 |w 2025-01-21 |y BK | ||